[Event "Bhubaneswar op-A 14th"]
[Site "Bhubaneswar"]
[Date "2023.06.15"]
[Round "7"]
[White "Tanmay, Rajbongshi"]
[Black "Snehil, Raj Singh"]
[Result "0-1"]
[WhiteElo "1750"]
[BlackElo "1603"]
[PlyCount "96"]
[EventDate "2023.06.11"]
[EventType "swiss"]
[EventRounds "10"]
[EventCountry "IND"]
[SourceTitle "CBM 214 Extra"]
[Source "ChessBase"]
[SourceDate "2023.07.31"]
[SourceVersion "1"]
[SourceVersionDate "2023.07.31"]
[SourceQuality "1"]

1. e4 c5 2. Nf3 d6 3. c3 Nf6 4. h3 Nbd7 5. Bd3 Qc7 6. 0-0 e6 7. Re1 Ne5 8. Nxe5 dxe5 9. Be2 Bd7 10. d3 Be7 11. Be3 0-0 12. Nd2 Bc6 13. Qc2 Rfd8 14. a3 Rac8 15. Rab1 a5 16. Nf3 Qb8 17. c4 Nd7 18. b3 f5 19. Bd2 b6 20. Bc3 Bf6 21. Nd2 Nf8 22. exf5 exf5 23. Bf3 Ng6 24. Bxc6 Rxc6 25. Nf3 Qd6 26. Rbd1 Rc7 27. g3 Re8 28. Qb2 Qc6 29. Re3 e4 30. Bxf6 gxf6 31. dxe4 fxe4 32. Nh2 f5 33. Rd5 Re5 34. Rxe5 Nxe5 35. Qc3 Qg6 36. Nf1 f4 37. Re2 Nf3+ 38. Kh1 Qh5 39. Kg2 Nh4+ 40. gxh4 f3+ 41. Kg1 fxe2 42. Ng3 Qf3 43. Qd2 e3 44. Qxe2 exf2+ 45. Qxf2 Qxf2+ 46. Kxf2 a4 47. bxa4 Ra7 48. Nf5 Kf7 0-1

[Event "Bhubaneswar op-A 14th"]
[Site "Bhubaneswar"]
[Date "2023.06.11"]
[Round "1"]
[White "Sairupa, P."]
[Black "Snehil, Raj Singh"]
[Result "0-1"]
[WhiteElo "1449"]
[BlackElo "1603"]
[PlyCount "120"]
[EventDate "2023.06.11"]
[EventType "swiss"]
[EventRounds "10"]
[EventCountry "IND"]
[SourceTitle "EXT 2024"]
[Source "ChessBase"]
[SourceDate "2023.10.10"]
[SourceVersion "1"]
[SourceVersionDate "2023.10.10"]
[SourceQuality "1"]

1. e4 c5 2. Nf3 d6 3. d4 cxd4 4. Nxd4 Nf6 5. Nc3 a6 6. f3 e6 7. Be3 b5 8. Qd2 Nbd7 9. g4 Nb6 10. Bd3 Bb7 11. 0-0-0 Be7 12. Nce2 Rc8 13. Qa5 Nfd7 14. Ng3 0-0 15. Qd2 d5 16. Kb1 Ne5 17. Qf2 Nbc4 18. Bxc4 Nxc4 19. Nb3 Qc7 20. Bc1 a5 21. exd5 Bxd5 22. Nf5 a4 23. Nxe7+ Qxe7 24. Nd2 Qb7 25. Rhf1 Nd6 26. Qe3 b4 27. a3 Qc6 28. Qd3 bxa3 29. bxa3 Rb8+ 30. Ka1 Rfc8 31. Bb2 Qxc2 32. Qd4 Qg6 33. Rc1 Rd8 34. h4 Nb5 35. Qc5 f6 36. Qe3 Qf7 37. f4 Qa7 38. Qxa7 Nxa7 39. g5 fxg5 40. fxg5 Rb7 41. h5 Nb5 42. Rf4 Ra8 43. Rcf1 Nd6 44. Be5 Nf7 45. Bb2 Nxg5 46. Rg1 Nh3 47. Rfg4 Nxg1 48. Rxg1 Rf8 49. Bd4 Rf4 50. Bc5 Rh4 51. Rf1 Rh1 52. Rxh1 Bxh1 53. Bb4 Rb5 54. Kb2 Rxh5 55. Kc3 Bc6 56. Nc4 e5 57. Nd6 e4 58. Kd4 Rd5+ 59. Ke3 Rd3+ 60. Ke2 h5 0-1